Vainqueurs de l'euro entre 2024-1996 - Statistiques

Statistiques générales
  • Ce quiz a été pris 162 fois
  • Le résultat moyen est 5 sur 6
Answers on the Grid
Answers color-coded by a green-red scale on the quiz's grid according to % correct below.
Allemagne
Italie
Espagne
Belgique
France
Pays bas
Pologne
Grèce
Angleterre
Ukraine
Portugal
Turquie
Suède
Croatie
 
Statistiques - réponses
Réponse % Correct
Espagne
92%
France
91%
Italie
88%
Allemagne
86%
Portugal
65%
Grèce
57%
Aucun quiz correspondant
Distribution des résultats
% des personnes avec chaque résultat
Percentile par nombre de réponses
Votre historique - résultats
Vous n’avez pas pris ce quiz